चन्द्रालोक परिशीलन / (Record no. 29306)
[ view plain ]
| 000 -LEADER | |
|---|---|
| fixed length control field | 01160nam a22002537a 4500 |
| 005 - DATE AND TIME OF LATEST TRANSACTION | |
| control field | 20090819163036.0 |
| 008 - FIXED-LENGTH DATA ELEMENTS--GENERAL INFORMATION | |
| fixed length control field | 090817t xxu||||| |||| 00| 0 hin d |
| 010 ## - LCCN (DPL NO) | |
| LC control number | HIN-87800 |
| 020 ## - INTERNATIONAL STANDARD BOOK NUMBER | |
| International Standard Book Number | 8185765308 |
| Terms of availability | 250.00 |
| 035 ## - SYSTEM CONTROL NUMBER | |
| System control number | HN-60146 |
| 037 ## - SOURCE OF ACQUISITION | |
| Source of stock number/acquisition | DBAD / PUB |
| 040 ## - CATALOGING SOURCE | |
| Original cataloging agency | dpl |
| Language of cataloging | hn |
| 082 ## - DEWEY DECIMAL CLASSIFICATION NUMBER | |
| Classification number | 808.1 |
| 100 ## - MAIN ENTRY--PERSONAL NAME | |
| Personal name | अग्रवाल, स्मिता |
| 245 ## - TITLE STATEMENT | |
| Title | चन्द्रालोक परिशीलन / |
| Statement of responsibility, etc | स्मिता अग्रवाल |
| 246 ## - VARYING FORM OF TITLE | |
| Title proper/short title | Chandralok Parisheelan |
| Remainder of title | by Seemta Aggrawal |
| 260 ## - PUBLICATION, DISTRIBUTION, ETC. (IMPRINT) | |
| Place of publication, distribution, etc | इलाहाबाद |
| Name of publisher, distributor, etc | हिन्दुस्तानी एकेडेमी |
| Date of publication, distribution, etc | 2009 |
| 270 ## - ADDRESS | |
| Address | 12डी, कमला नेहरू मार्ग |
| City | इलाहाबाद |
| Postal code | 211001 |
| 300 ## - PHYSICAL DESCRIPTION | |
| Extent | xliv,340पृ. |
| Dimensions | 22सेमी (सजिल्द) |
| 650 ## - SUBJECT ADDED ENTRY--TOPICAL TERM | |
| Topical term or geographic name as entry element | काव्यशास्त्र |
| 650 ## - SUBJECT ADDED ENTRY--TOPICAL TERM | |
| Topical term or geographic name as entry element | Poetics |
| 942 ## - ADDED ENTRY ELEMENTS (KOHA) | |
| Source of classification or shelving scheme | Dewey Decimal Classification |
| Item type | Hindi Books |
| Call number suffix | अग्रवा |
| Classification part | 808.1 |
| Withdrawn status | Lost status | Source of classification or shelving scheme | Damaged status | Not for loan | Home library | Current library | Date acquired | Source of acquisition | Cost, normal purchase price | Total Checkouts | Full call number | Barcode | Date last seen | Copy number | Cost, replacement price | Koha item type |
|---|---|---|---|---|---|---|---|---|---|---|---|---|---|---|---|---|
| Dewey Decimal Classification | Not For Loan | D.B.Act.Division | D.B.Act.Division | 19/08/2009 | DBAD / PUB | 250.00 | 808.1 अग्रवा | HN-60146 | 19/08/2009 | 1 | 250.00 | Hindi Books |
